Charles Doré - Si demain tout s'arrête [paroles] - Statistiques

Statistiques générales
  • Ce quiz a été pris 8 fois
  • Le résultat moyen est 83 sur 136
Statistiques - réponses
Réponse % Correct
à
100%
a
100%
de
100%
je
100%
la
100%
100%
tout
100%
au
88%
demain
88%
et
88%
me
88%
ne
88%
pas
88%
s’arrête
88%
si
88%
un
88%
une
88%
as
75%
chante
75%
cœur
75%
des
75%
donnez
75%
en
75%
fait
75%
garçon
75%
juste
75%
le
75%
ma
75%
moi
75%
perdrais-je
75%
petit
75%
peu
75%
pour
75%
tempête
75%
tête ?
75%
tête
75%
vos
75%
vous
75%
ai
63%
ça
63%
ce
63%
c’est
63%
con
63%
conneries
63%
cris
63%
dans
63%
dis
63%
dit
63%
doutes
63%
d’un
63%
éphémères
63%
faire
63%
fort
63%
gamin
63%
j’ai
63%
joies
63%
joues
63%
l’aide
63%
larme
63%
les
63%
mai
63%
on
63%
ont
63%
ou
63%
oui
63%
parle
63%
passants
63%
pincée
63%
que
63%
qui
63%
qu’on
63%
rien
63%
rires
63%
serai
63%
toutes
63%
trop
63%
tu
63%
vais
63%
vie
63%
aimé
50%
alors
50%
baigner
50%
beaucoup
50%
bonne
50%
comme
50%
d’août
50%
Dieu
50%
dire
50%
dise
50%
disent
50%
donnerai
50%
doux
50%
elle
50%
encore
50%
fête
50%
fêter
50%
foutre
50%
froid
50%
génération
50%
gens
50%
hiver
50%
j’en
50%
jours
50%
j’veux
50%
mère
50%
moins
50%
mois
50%
mots
50%
Noël
50%
non
50%
peut-être
50%
quand
50%
râle
50%
rendre
50%
temps
50%
tous
50%
adieu
38%
aimer
38%
cramer
38%
étouffer
38%
être
38%
exister
38%
feu
38%
j’pense
38%
l’âge
38%
l’âme
38%
l’ennui
38%
mes
38%
promettre
38%
rêve
38%
tort
38%
toujours
38%
veut
38%
veux
38%
yeux
38%
traitre
13%
Aucun quiz correspondant
Distribution des résultats
% des personnes avec chaque résultat
Percentile par nombre de réponses
Votre historique - résultats
Vous n’avez pas pris ce quiz